Diccionario geografico - estadistico de España y Portugal : dedicado al Rey nuestro señor / por Sebastian de Miñano dedicado al Rey nuestro señor / por Sebastian de Miñano
Descripción Física:
[11] v. ; 21 cm
MARC
| LEADER | 00000nam a2200000Ia 4500 | ||
|---|---|---|---|
| 001 | 14606, 14607, 14608, 14609 | ||
| 008 | 160829s9999 xx 000 0 cat d | ||
| 080 | |a H-2-178, H-2-179, H-2-180, H-2-181 | ||
| 100 | |a Miñano, Sebastián de |9 34331 | ||
| 245 | |a Diccionario geografico - estadistico de España y Portugal : |b dedicado al Rey nuestro señor / por Sebastian de Miñano | ||
| 260 | |a Madrid : |b Impr. de Pierart - Peralta, [1826 - 1829] | ||
| 300 | |a [11] v. ; |c 21 cm | ||
| 590 | |a El vol. 10 inclou llista de subscriptors. | ||
| 590 | |a Edició signada i autentificada per l'autor en cada volum. | ||
| 590 | |a Conté: v. 5: H-Men; v. 6: Men-Pes; v. 9: Tor-Vill; v. 10: Vil-Z | ||
| 650 | |a Espanya |x Diccionaris geogràfics |9 22162 | ||
| 650 | |a Portugal |x Diccionaris geogràfics |9 34332 | ||
| 866 | |a 5, 6, 9, 10 | ||
| 901 | |a Arxiu | ||
| 942 | |n 1 | ||
| 952 | |0 0 |1 0 |4 0 |6 H2178_H2179_H2180_H2181 |7 1 |9 46468 |a Arxiu |b Arxiu |d 2016-12-01 |l 0 |o H-2-178, H-2-179, H-2-180, H-2-181 |p 14606, 14607, 14608, |r 2016-12-01 00:00:00 |w 2016-12-01 |y ARXIU | ||
| 999 | |c 50253 |d 50253 | ||